000 00430nam a2200169Ia 4500
001 14302
003 IN-NITTTR
005 20251114233134.0
008 251113s9999||||xx |||||||||||||| ||eng||
040 _beng
040 _cIN-NITTTR
041 _aeng
082 _a511.502862 D44G
100 _aDeo, Narsingh
245 0 _aGraph theory with applications to engineering and computer science /
_cDeo, Narsingh
942 _2ddc
_cBK
999 _c16938
_d16938